Quy hoạch tuyến tính : Giáo trình Cao đẳng Sư phạm /
Saved in:
| Main Author: | |
|---|---|
| Format: | Book (Paper) |
| Language: | Vietnamese |
| Published: |
H. :
Đại học Sư phạm,
2007.
|
| Subjects: | |
| Tags: |
Add Tag
No Tags, Be the first to tag this record!
|
| Institutions: | Thư viện Trường Đại học Đà Lạt |
|---|
| LEADER | 00870nam a2200337 4500 | ||
|---|---|---|---|
| 001 | DLU080064347 | ||
| 005 | ##20081226 | ||
| 040 | # | # | |a DLU |b vie |
| 041 | # | # | |a vie |
| 044 | # | # | |a vn |
| 082 | # | # | |a 519.72 |b PH-B |
| 100 | # | # | |a Phí Mạnh Ban. |
| 245 | # | # | |a Quy hoạch tuyến tính : |b Giáo trình Cao đẳng Sư phạm / |c Phí Mạnh Ban. |
| 260 | # | # | |a H. : |b Đại học Sư phạm, |c 2007. |
| 300 | # | # | |a 194 tr. ; |c 24 cm. |
| 504 | # | # | |a Tài liệu tham khảo: tr.194. |
| 653 | # | # | |a Giáo trình |
| 653 | # | # | |a Phương pháp toán học |
| 653 | # | # | |a Quy hoạch toán học |
| 653 | # | # | |a Quy hoạch tuyến tính |
| 923 | # | # | |a 20/2008 |
| 991 | # | # | |a GT |
| 992 | # | # | |a 30000 |
| 994 | # | # | |a DLU |
| 900 | # | # | |a True |
| 911 | # | # | |a Đào Thị Thu Huyền |
| 925 | # | # | |a G |
| 926 | # | # | |a A |
| 927 | # | # | |a SH |
| 980 | # | # | |a Thư viện Trường Đại học Đà Lạt |